| 000 | 00412pab a2200169 454500 | ||
|---|---|---|---|
| 008 | 180718b2014 xxu||||| |||| 00| 0 eng d | ||
| 100 | _aGupta, K.N. | ||
| 245 | _aThe Indian police in the 21st century | ||
| 260 | _c2014 | ||
| 300 | _ap.21-35. | ||
| 362 | _aJul-Sep | ||
| 650 | _aPolice - 21 century | ||
| 650 | _aPolice - India | ||
| 650 | _aPolice | ||
| 773 | _aIndian Police Journal | ||
| 909 | _a107667 | ||
| 999 |
_c107662 _d107662 |
||